000 00566nam a2200205Ia 4500
003 IN-BaIIA
008 211028s9999 xx 000 0 eng d
020 _a81-7371-034-1
040 _cIIA Library
080 _a539
_bVEN
100 _aVenkataraman, G
_915892
245 4 _aThe Many phases of matters
_cG. Venkataraman
260 _aHyderabad
_bUniversities Press
_c1997
300 _a98p.
490 _aVignettes in Physics
650 _aCondensed matter
_920738
650 _aMolecular dynamics
_929087
650 _aPhase transformations
_97660
942 _cBK
999 _c18610
_d18610